| 000 | 02118cam a22004454i 4500 | ||
|---|---|---|---|
| 003 | PE-LiUPU | ||
| 005 | 20250731165431.0 | ||
| 008 | 160219s1997 pe grm 000 0 spa d | ||
| 035 | _a(Sirsi) a156246 | ||
| 040 |
_aPE-LiUPU _bspa _cPE-LiUPU _erda |
||
| 099 |
_aIE 2 _bQ73 1997 |
||
| 100 | 1 |
_aQuispe Huancahuire, Luisa _eautor |
|
| 245 | 1 | 0 |
_aAritmética teoría y práctica / _cLuis Quispe Huancahuire. |
| 264 | 0 | _c1997. | |
| 300 |
_a259 hojas _c30 cm |
||
| 336 |
_atext _2rdacontent |
||
| 337 |
_aunmediated _2rdamedia |
||
| 338 |
_avolume _2rdacarrier |
||
| 502 |
_aTesis _b(Lic.) -- _cUniversidad Peruana Unión, _d1997. |
||
| 504 | _aIncluye referencias | ||
| 520 | 3 | _aLa presente obra es una profundización de la matemática elemental de secundaria, con énfasis en la aritmética. El primer capitulo se dedica a un amplio estudio de la teoría de conjuntos y la utilidad de los diagramas de ven para analizar problemas que comprenden conjuntos. En el capitulo II se abordan el estudio del sistema de los números complejos, desde la representación como pares ordenados, operaciones básicas, modulo conjugado, representación grafica hasta las aplicaciones inmediatas de los números complejos. El capitulo III se trata del estudio de los vectores geométricos bidimensionales y sus aplicaciones a la física. Luego el capitulo IV se presenta el algebra de polinomios, teorema de del resto, teorema del factor, división sintética y forma factorizada de un polinomio, finalmente, en el capitulo V presentamos el método y aplicaciones de la introducción matemática. | |
| 526 | _aSEG44 | ||
| 526 | _aSEG26 | ||
| 526 | _aP151 | ||
| 526 | _aP150 | ||
| 526 | _aP149 | ||
| 526 | _aP146 | ||
| 526 | _aP145 | ||
| 526 | _aP126 | ||
| 526 | _aP125 | ||
| 526 | _aP92 | ||
| 526 | _aP75 | ||
| 526 | _aP74 | ||
| 526 | _aP27 | ||
| 526 | _aP15 | ||
| 650 | 1 | 4 | _aAritmética. |
| 596 | _a1 | ||
| 942 |
_2ddc _cTESIS |
||
| 999 |
_aIE 2 Q73 1997 _wALPHANUM _c8930 _iT00188 _d8930 _lCCODEBUL3 _mBUL _q1 _r1 _sY _tTESIS _u2016-2-19 _xEDUCACION _zUNKNOWN _o.STAFF. Tesis |
||
| 980 |
_81 _gALBERTO SANCHEZ Responsable de Automatización |
||